| 000 | 00474cam a2200181ua 4500 | ||
|---|---|---|---|
| 020 | _c60.00 | ||
| 041 |
_aeng _h |
||
| 082 |
_a539.7 _bBHO/BA |
||
| 100 | _aBhoop Narayanan, Srivastava . | ||
| 245 |
_aBasic nuclear physics and cosmic rays / _cBhoop narayanan srivastava. _hTextual Documents |
||
| 250 |
_a8 / _b. |
||
| 260 |
_aMeerut : _bPragati Prakashan , _c1990. |
||
| 300 | _a587 ; . | ||
| 365 | _a60.00 | ||
| 504 | _a | ||
| 942 | _cBK | ||
| 999 |
_c7449 _d7449 |
||